Statistics for Japan, South Korea or Taiwan

Click here to take the quiz!

General Stats

  • This quiz has been taken 237 times
  • The average score is 8 of 12

Answer Stats

QuestionAnswer% Correct
Is the smallestTaiwan
95%
Has the highest populationJapan
91%
In the national language its name is Nihon or NipponJapan
85%
Is in the ethnic group YamatoJapan
79%
Has the oldest constitutionJapan
76%
The capital begins with the same letter as the countrySouth Korea and Taiwan
71%
Has the shortest distance to ChinaTaiwan
69%
Refers to a war fought in this country as "625"South Korea
65%
No other country claims to possess this country's territoryJapan
46%
Its official name deviates from its common nameSouth Korea and Taiwan
46%
Has the highest population densityTaiwan
41%
Uses a non-syllabary alphabetSouth Korea
16%

Score Distribution

Percentile by Number Answered

Percent of People with Each Score

Your Score History

You have not taken this quiz